00303nam a2200121Ia 4500008004100000041000800041082001500049100002000064245004500084260003000129300001500159365000700174240624s9999 xx 000 0 und d aeng a658.05 HOL aHOLTSNIDER BILL aIT MANAGERS HANDBOOK GETTING YOUR NEW JO c2001aUSAbAcademic Press axxx, : 337 cRS